1895 1988 1861 1963 1361 1135 1485 1858 1086 1213 1396 1133 1043 1850 1727 1947 1561 1709 1588 1552 1508 1954 1747 1816 1855 1907 1170 1859 1227 1162 1711 1575 1043 1693 1956 1580 1932 1456 1345 1511 1302 1450 1457 1686 1017 1639 1959 1001 1498 1634 1940 1917 1748 1549 1645 1292 1477 1419 1051 1618 1954 1799 1470 1914 1494 1422 1761 1304 1712 1601 1913 1303 1636 1323 1829 1757 1197 1694 1355 1637 1155 1281 1397 1425 1438 1465 1920 1741 1491 1243 1004 1101 1555 1871 1404 1758 1565 1476 1625 BCNSPRNW ULIB Ver.6.0+V

เปลี่ยนเป็นภาษาไทย

Change to English
 แสดงรายละเอียดบรรณานุกรม
  กลับหน้าหลัก

Brief Record : Get Marc (ISO 2709) : E-mail record : QR code < ปิดหน้าต่าง
LEADER : 00000nam 2200000uu 4500
001    13399126971
003     ULIB
008    190920s2562||||th 000 0 tha d
020    ^a9786164789678
050  4 ^aPE1116.M44^bท637ภ
100 1  ^aเทย์, จอย
245 10 ^aภาษาอังกฤษทางคลินิก แพทย์ & พยาบาล =^bClinical English /^cJoyTay
246 31 ^aClinical English
250    ^aพิมพ์ครั้งที่ 1
260    ^aกรุงเทพฯ :^bสำนักพิมพ์จุฬาลงกรณ์มหาวิทยาลัย,^c2562
300    ^a303 หน้า :^bภาพประกอบ ;^c21 ซม.
650  4 ^aภาษาอังกฤษ^xบทสนทนาและวลี (สำหรับบุคลากรทางการแพทย์)
650  4 ^aภาษาอังกฤษสำหรับพยาบาล
650  4 ^aภาษาอังกฤษ^xการใช้ภาษา
945    ^p750^l0^i006007
945    ^p750^l0^i006015
945    ^p750^l0^i006014
945    ^p750^l0^i006013
945    ^p750^l0^i006012
945    ^p750^l0^i006016
945    ^p750^l0^i006008
945    ^p750^l0^i006011
945    ^p750^l0^i006010
945    ^p750^l0^i006009
945    ^p750^l0^i007023
945    ^p750^l0^i007024
945    ^p750^l0^i007025
945    ^p750^l0^i007026
945    ^p750^l0^i007027
999    ^aประนอม เกษจรัล
รายการนี้ยังไม่มีแท็ก
คุณยังไม่ได้ล็อกอิน คุณสามารถมีกิจกรรมร่วมกับเว็บไซต์ได้ แต่ต้องล็อกอินก่อน ::
  ล็อกอิน

รายการสื่อสารสนเทศ

ลำดับที่ ประเภท เลขเรียก/บาร์โค้ด สถานที่ สถานะ
1. การศึกษาทั่วไป
หนังสือสำรอง
สถานะ=หนังสือสำรอง
PE1116.M44 ท637ภ ฉ.1 
  Barcode: 006007
ห้องสมุดวิทยาเขตสวรรค์ประชารักษ์
►หนังสือทั่วไป
บนชั้น
2. การศึกษาทั่วไป
การศึกษาทั่วไป
PE1116.M44 ท637ภ ฉ.10 
  Barcode: 006016
ห้องสมุดวิทยาเขตสวรรค์ประชารักษ์
►หนังสือทั่วไป
บนชั้น
3. การศึกษาทั่วไป
การศึกษาทั่วไป
PE1116.M44 ท637ภ ฉ.11 
  Barcode: 007023
ห้องสมุดวิทยาเขตสวรรค์ประชารักษ์
►หนังสือทั่วไป
บนชั้น
4. การศึกษาทั่วไป
การศึกษาทั่วไป
PE1116.M44 ท637ภ ฉ.12 
  Barcode: 007024
ห้องสมุดวิทยาเขตสวรรค์ประชารักษ์
►หนังสือทั่วไป
บนชั้น
5. การศึกษาทั่วไป
การศึกษาทั่วไป
PE1116.M44 ท637ภ ฉ.13 
  Barcode: 007025
ห้องสมุดวิทยาเขตสวรรค์ประชารักษ์
►หนังสือทั่วไป
บนชั้น
6. การศึกษาทั่วไป
การศึกษาทั่วไป
PE1116.M44 ท637ภ ฉ.14 
  Barcode: 007026
ห้องสมุดวิทยาเขตสวรรค์ประชารักษ์
►หนังสือทั่วไป
บนชั้น
7. การศึกษาทั่วไป
การศึกษาทั่วไป
PE1116.M44 ท637ภ ฉ.15 
  Barcode: 007027
ห้องสมุดวิทยาเขตสวรรค์ประชารักษ์
►หนังสือทั่วไป
บนชั้น
8. การศึกษาทั่วไป
การศึกษาทั่วไป
PE1116.M44 ท637ภ ฉ.2 
  Barcode: 006008
ห้องสมุดวิทยาเขตสวรรค์ประชารักษ์
►หนังสือทั่วไป
บนชั้น
9. การศึกษาทั่วไป
การศึกษาทั่วไป
PE1116.M44 ท637ภ ฉ.3 
  Barcode: 006009
ห้องสมุดวิทยาเขตสวรรค์ประชารักษ์
►หนังสือทั่วไป
บนชั้น
10. การศึกษาทั่วไป
การศึกษาทั่วไป
PE1116.M44 ท637ภ ฉ.4 
  Barcode: 006010
ห้องสมุดวิทยาเขตสวรรค์ประชารักษ์
►หนังสือทั่วไป
บนชั้น
11. การศึกษาทั่วไป
การศึกษาทั่วไป
PE1116.M44 ท637ภ ฉ.5 
  Barcode: 006011
ห้องสมุดวิทยาเขตสวรรค์ประชารักษ์
►หนังสือทั่วไป
บนชั้น
12. การศึกษาทั่วไป
การศึกษาทั่วไป
PE1116.M44 ท637ภ ฉ.6 
  Barcode: 006012
ห้องสมุดวิทยาเขตสวรรค์ประชารักษ์
►หนังสือทั่วไป
บนชั้น
13. การศึกษาทั่วไป
การศึกษาทั่วไป
PE1116.M44 ท637ภ ฉ.7 
  Barcode: 006013
ห้องสมุดวิทยาเขตสวรรค์ประชารักษ์
►หนังสือทั่วไป
บนชั้น
14. การศึกษาทั่วไป
การศึกษาทั่วไป
PE1116.M44 ท637ภ ฉ.8 
  Barcode: 006014
ห้องสมุดวิทยาเขตสวรรค์ประชารักษ์
►หนังสือทั่วไป
บนชั้น
15. การศึกษาทั่วไป
การศึกษาทั่วไป
PE1116.M44 ท637ภ ฉ.9 
  Barcode: 006015
ห้องสมุดวิทยาเขตสวรรค์ประชารักษ์
►หนังสือทั่วไป
บนชั้น

รายการใกล้เคียง
    ผู้แต่ง [เทย์, จอย]

    หัวเรื่อง [ภาษาอังกฤษสำหรับพยาบาล]
    หัวเรื่อง [ภาษาอังกฤษ การใช้ภาษา]

BibComment


ยังไม่เคยถูกคอมเมนท์

คอมเมนท์ทรัพยากรรายการนี้
  คอมเมนท์: ภาษาอังกฤษทางคลิ..


 Copyright 2026. Bcnsprnw @Library